000
00374nam a2200181Ia 4500
100
_a
Nagsarkar/T.K/ Sukhika/M.S
650
_a
power system
250
_a
2
942
_c
BK
366
_f
25
654
_a
power system
245
_a
Power system Analysis
260
_b
Oxford
_c
2014
082
_b
NAG
300
_a
736
546
_a
ENGLISH
_c
PAMPHALETS
999
_c
21767
_d
21767